Los puentes de Londres / (Registro nro. 181420)
[ vista simple ]
| 000 -LEADER | |
|---|---|
| campo de control de longitud fija | 00811nam a2200229 i 4500 |
| 001 - NÚMERO DE CONTROL | |
| campo de control | 181420 |
| 003 - IDENTIFICADOR DE NÚMERO DE CONTROL | |
| campo de control | ES-MaACL |
| 005 - FECHA Y HORA DE LA ÚLTIMA TRANSACCIÓN | |
| campo de control | 20240227205259.0 |
| 008 - DATOS DE LONGITUD FIJA--INFORMACIÓN GENERAL | |
| campo de control de longitud fija | 130114s2011 sp | |||||||| | spa d |
| 080 ## - NÚMERO DE LA CLASIFICACIÓN DECIMAL UNIVERSAL | |
| Número de la Clasificación Decimal Universal | 821.111(73)-31"19" |
| 100 1# - ENTRADA PRINCIPAL--NOMBRE DE PERSONA | |
| Nombre de persona | Patterson, James ( |
| Fechas asociadas al nombre | 1947-) |
| 9 (RLIN) | 152057 |
| 245 14 - MENCIÓN DEL TÍTULO | |
| Título | Los puentes de Londres / |
| Mención de responsabilidad, etc. | James Patterson ; [traducción de Jaume Subira Ciurana]. |
| 260 ## - PUBLICACIÓN, DISTRIBUCIÓN, ETC. | |
| Lugar de publicación, distribución, etc. | [Madrid] : |
| Nombre del editor, distribuidor, etc. | Diario Público, |
| Fecha de publicación, distribución, etc. | D.L. 2011. |
| 300 ## - DESCRIPCIÓN FÍSICA | |
| Extensión | 2 v. (155, 153 p.) ; |
| Dimensiones | 18 cm. |
| 490 1# - MENCIÓN DE SERIE | |
| Mención de serie | Colección Novela negra |
| 700 1# - ENTRADA AGREGADA--NOMBRE PERSONAL | |
| Nombre de persona | Subira Ciurana, Jaume. |
| 9 (RLIN) | 152058 |
| 830 0# - PUNTO DE ACCESO ADICIONAL DE SERIE-TÍTULO UNIFORME | |
| Título uniforme | Novela negra |
| 9 (RLIN) | 191448 |
| 852 ## - LOCALIZACIÓN | |
| Ubicación | ES-MaACL |
| Número de control de estantería | A-12433 |
| Designación de la unidad física | v.1 |
| itemnumber | 188320 |
| Sublocalización o colección | R.148375 |
| Ubicación en estantería | Depósito 1 |
| Signatura antigua | Olim: N-5438 |
| 852 ## - LOCALIZACIÓN | |
| Ubicación | ES-MaACL |
| Número de control de estantería | A-12434 |
| Designación de la unidad física | v.2 |
| itemnumber | 200610 |
| Sublocalización o colección | R.148375 |
| Ubicación en estantería | Depósito 1 |
| Signatura antigua | Olim: N-5439 |
| 942 ## - ELEMENTOS DE ENTRADA SECUNDARIOS (KOHA) | |
| Fuente del sistema de clasificación o colocación | Clasificación decimal universal |
| Tipo de ítem Koha | Libro impreso |
| Estatus retirado | Estado de pérdida | Fuente del sistema de clasificación o colocación | Estado de daño | No para préstamo | Biblioteca de origen | Biblioteca actual | Ubicación en estantería | Fecha de adquisición | Fuente de adquisición | Enumeración/cronología de publicación seriada | Total de préstamos | Signatura topográfica completa | Código de barras | Visto por última vez | Precio de reemplazo | Tipo de ítem Koha |
|---|---|---|---|---|---|---|---|---|---|---|---|---|---|---|---|---|
| Clasificación decimal universal | Biblioteca del Ateneo de Madrid | Biblioteca del Ateneo de Madrid | Depósito 1 | 14/01/2013 | Donación | v.1 | A-12433 | 1190661 | 23/02/2023 | 23/02/2023 | Libro impreso | |||||
| Clasificación decimal universal | Biblioteca del Ateneo de Madrid | Biblioteca del Ateneo de Madrid | Depósito 1 | 14/01/2013 | Donación | v.2 | A-12434 | 101205902 | 10/10/2023 | 23/02/2023 | Libro impreso |
